| 000 | 00813nam a2200265Ia 4500 | ||
|---|---|---|---|
| 008 | 160517s9999 xx 000 0 und d | ||
| 020 | _a971-27-1184-6 | ||
| 050 | _aFIL DS 686.616 | ||
| 050 | _b.E73L37 2002 | ||
| 100 | _aLaquian, Aprodicio A. | ||
| 245 | 4 | _aThe Erap tragedy : | |
| 245 | _btales from the snake pit / | ||
| 245 | _cAprodicio A. Laquian, Eleanor R. Laquian. | ||
| 260 | _aManila : | ||
| 260 | _bAnvil Pub. Inc., | ||
| 260 | _c2002 | ||
| 300 | _a354 pages : | ||
| 300 | _billustrations ; | ||
| 300 | _c22 cm. | ||
| 500 | _aIncludes bibliographical references. | ||
| 650 | _aEstrada, Joseph E., 1937. | ||
| 650 | _aPresidents -- Philippines -- Biography. | ||
| 650 | _xEstrada, Joseph E. -- History and criticism. | ||
| 650 | _xPhilippines, President (1998-2001 : Estrada). | ||
| 999 |
_c294106 _d294106 |
||